000 00490 a2200169 4500
999 _c1290
_d1290
020 _a9780273779841
050 _aHB 171.5 HUB 2013
100 _aHubbard, Glenn R
_eauthor
245 _aEconomics
_cR. Glenn Hubbard and Anthony Patrick O' Brien
250 _a4th ed.
264 _aEngland:
_bPearson Education Limited;
_c2013.
300 _a1097p.
_bill.
500 _aIncludes index
650 _aEconomics
700 _aAnthony Patrick O'Brien
942 _2lcc
_cBK
_e4th ed.
_h171.5
_iHUB
_kHB